| 000 | 00545cam a2200181 a 4500 | ||
|---|---|---|---|
| 020 | _a1853837970 | ||
| 020 | _a1853837989 (pbk.) | ||
| 040 | _cUKM | ||
| 082 | 0 | 4 | _a627 EAR 2000 C160 Or. |
| 110 | 2 | _aWorld Commission on Dams | |
| 245 | 1 | 0 |
_aDams and development : _ba new framework for decision-making : the report of the World Commission on Dams |
| 260 |
_aLondon ; _aSterling, VA : _bEarthscan, _c2000 |
||
| 300 |
_axxxvii, 404 p. : _bill., map ; _c28 cm |
||
| 500 | _a"November 2000." | ||
| 650 | 0 | _aDams | |
| 650 | 0 | _aDams | |
| 942 | _cAEDBB | ||
| 999 |
_c19082 _d19082 |
||